[Event "Foment Martinenc op-C 20th"]
[Site "Barcelona"]
[Date "2018.04.21"]
[Round "1"]
[White "Bernat Mor, Juli"]
[Black "Lloansi Gelabert, Elia"]
[Result "1-0"]
[WhiteElo "1719"]
[BlackElo "1567"]
[PlyCount "135"]
[EventDate "2018.04.21"]
[EventType "swiss"]
[EventRounds "9"]
[EventCountry "ESP"]
[SourceTitle "CBM 184 Extra"]
[Source "ChessBase"]
[SourceDate "2018.06.28"]
[SourceVersion "1"]
[SourceVersionDate "2018.06.28"]
[SourceQuality "1"]

1. d4 d5 2. c4 c6 3. Nf3 Bf5 4. cxd5 cxd5 5. Nc3 e6 6. Bf4 Nc6 7. e3 Nf6 8. Bd3 Bxd3 9. Qxd3 Nb4 10. Qd1 a6 11. 0-0 b5 12. a3 Nc6 13. Ne5 Rc8 14. Nxc6 Rxc6 15. Rc1 Be7 16. Ne2 Qc8 17. Rxc6 Qxc6 18. Qc1 Qc4 19. Qxc4 bxc4 20. Rb1 0-0 21. a4 a5 22. Nc3 Rc8 23. Nb5 Rc6 24. Kf1 Ne4 25. Ke2 c3 26. Nxc3 Nxc3+ 27. bxc3 Rxc3 28. Rb8+ Bf8 29. Bd6 h6 30. Rxf8+ Kh7 31. Rxf7 Rc2+ 32. Kf3 Ra2 33. Ra7 Rxa4 34. h4 h5 35. Bc7 Ra1 36. Rxa5 Rxa5 37. Bxa5 g6 38. Bd8 Kg7 39. Kf4 Kf8 40. Kg5 Kg7 41. Bf6+ Kf7 42. Be5 Ke7 43. Kxg6 Ke8 44. Kxh5 Kf7 45. g4 Ke7 46. Kg6 Ke8 47. Kg7 Ke7 48. h5 Kd7 49. h6 Kc6 50. h7 Kb5 51. h8Q Kc4 52. Qc8+ Kd3 53. Qa6+ Ke4 54. f3+ Kxf3 55. Qxe6 Ke4 56. Bf4+ Kd3 57. Qxd5 Ke2 58. g5 Kd3 59. g6 Ke2 60. Bg3 Kd3 61. e4 Ke3 62. e5 Kd3 63. Bf4 Ke2 64. Qe4+ Kf2 65. Kh6 Kf1 66. Qc2 Kg1 67. Bg3 Kf1 68. Qf2# 1-0